Management of dairy development factors for increasing milk production under co-operatives: a study in Karnataka (Record no. 16752)

MARC details
000 -LEADER
fixed length control field 00504nam a2200157Ia 4500
082 ## - DEWEY DECIMAL CLASSIFICATION NUMBER
Classification number TB.0121
100 ## - MAIN ENTRY--AUTHOR NAME
Personal name Banjamin, Thomas P.
245 #0 - TITLE STATEMENT
Title Management of dairy development factors for increasing milk production under co-operatives: a study in Karnataka
260 ## - PUBLICATION, DISTRIBUTION, ETC. (IMPRINT)
Year of publication 1983
Name of publisher Indian Institute of Management, Bangalore
300 ## - PHYSICAL DESCRIPTION
Number of Pages 492
650 ## - SUBJECT ADDED ENTRY--TOPICAL TERM
Topical Term Milk production
Form subdivision Karnataka
650 ## - SUBJECT ADDED ENTRY--TOPICAL TERM
Topical Term Milk cooperatives
Geographic subdivision Karnataka
650 ## - SUBJECT ADDED ENTRY--TOPICAL TERM
Topical Term Dairying
Form subdivision Karnataka
710 ## - ADDED ENTRY--CORPORATE NAME
Corporate name or jurisdiction name as entry element Ratnam, N.V
942 ## - ADDED ENTRY ELEMENTS (KOHA)
Koha item type Thesis
Source of classification or shelving scheme Dewey Decimal Classification
Holdings
Withdrawn status Lost status Damaged status Not for loan Home library Current library Date acquired Bill Date Full call number Accession Number Price effective from Koha item type
        NASSDOC Library NASSDOC Library 08/10/2004 2004-10-22 TB.0121 18946 18/04/2019 Thesis